Postaw na milion 202 - Statystyki

Ogólne statystyki
  • Ten quiz został rozwiązany 13 razy
  • Średni wynik to 7 z 13
Statystyki odpowiedzi
Zagadnienie Odpowiedź % Poprawnych
Indiana Jones, postać z filmów Georga Lucasa jest: archeologiem
77%
"Final Countdown" to wielki przebój zespołu, którego nazwa wzięła się od: Europy
77%
Długi niski stolik kawowy z PRLu to: jamnik
77%
Według badania Narodowego Centrum Kultury najwięcej Polaków w wieku 12-17 lat najczęściej słucha: rapu i hip-hopu
77%
Owczarek z serialu "Czterej pancerni i pies" to: Szarik
77%
Suma wszystkich liczb całkowitych od 1 do 100 wynosi: 5050
54%
Krótka firanka zasłaniająca dolną połowę okna lub oszklonych drzwi to: zazdrostka
54%
Ile razy polska drużyna zdobyła Mistrzostwo Świata w siatkówce mężczyzn? 3
46%
Według GUSu wśród pracowników medycznych, mających prawo wykonywania zawodu najwięcej jest: pielęgniarek
46%
Który z naszych noblistów wyrzeźbionych w brązie siedzi na kufrze przy ulicy Piotrkowskiej w Łodzi? Władysław Reymont
38%
Który kraj nie ma spisanej konstytucji jako jednolitego aktu prawnego? Wielka Brytania
31%
Kto uważa jednorożca za swoje "zwierzę narodowe"? Szkoci
23%
Najwyższa góra Hiszpanii to: Pico del Teide
15%
Nie znaleziono quizów pasujących do podanych kryteriów
Rozkład punktacji
Procent ludzi z każdym wynikiem
Percentyl według liczby udzielonych odpowiedzi
Twoja historia wyników
Nie rozwiązałeś tego quizu